<?xml version="1.0" encoding="UTF-8"?>
<record
    xmlns:xsi="http://www.w3.org/2001/XMLSchema-instance"
    xsi:schemaLocation="http://www.loc.gov/MARC21/slim http://www.loc.gov/standards/marcxml/schema/MARC21slim.xsd"
    xmlns="http://www.loc.gov/MARC21/slim">

  <leader>00832nam a22002297a 4500</leader>
  <datafield tag="999" ind1=" " ind2=" ">
    <subfield code="c">7290</subfield>
    <subfield code="d">7290</subfield>
  </datafield>
  <controlfield tag="003">OSt</controlfield>
  <controlfield tag="005">20200310163454.0</controlfield>
  <controlfield tag="008">200310e2020    spca|||| |||||0|| 0 cat|d</controlfield>
  <datafield tag="017" ind1=" " ind2=" ">
    <subfield code="a">DL B 1232-2020</subfield>
    <subfield code="b">Biblioteca de Catalunya</subfield>
  </datafield>
  <datafield tag="020" ind1=" " ind2=" ">
    <subfield code="a">9788417804329</subfield>
  </datafield>
  <datafield tag="040" ind1=" " ind2=" ">
    <subfield code="a">ES-BaICIP</subfield>
    <subfield code="b">cat</subfield>
    <subfield code="c">CDMR</subfield>
  </datafield>
  <datafield tag="100" ind1="1" ind2=" ">
    <subfield code="a">Feixas Torras, Txell,</subfield>
  </datafield>
  <datafield tag="245" ind1="1" ind2="0">
    <subfield code="a">Dones valentes</subfield>
    <subfield code="b">: lluites femenines i feministes a l'Orient Mitj&#xE0; /</subfield>
    <subfield code="c">Txell Feixas Torras ; pr&#xF2;leg de Gemma Ruiz Pal&#xE0;</subfield>
  </datafield>
  <datafield tag="260" ind1=" " ind2=" ">
    <subfield code="a">Barcelona :</subfield>
    <subfield code="b">Ara Llibres,</subfield>
    <subfield code="c">2020</subfield>
  </datafield>
  <datafield tag="300" ind1=" " ind2=" ">
    <subfield code="a">172 p. :</subfield>
    <subfield code="b">il ;</subfield>
    <subfield code="c">21 cm</subfield>
  </datafield>
  <datafield tag="650" ind1=" " ind2="4">
    <subfield code="a">Feminisme</subfield>
    <subfield code="z">Orient Mitj&#xE0;</subfield>
  </datafield>
  <datafield tag="650" ind1=" " ind2="7">
    <subfield code="a">Dones activistes pol&#xED;tiques</subfield>
    <subfield code="z">Orient Mitj&#xE0;</subfield>
    <subfield code="2">lemac</subfield>
  </datafield>
  <datafield tag="650" ind1=" " ind2="7">
    <subfield code="a">Dones en l'islamisme</subfield>
    <subfield code="x">Aspectes socials</subfield>
    <subfield code="y">S. XXI</subfield>
    <subfield code="2">lemac</subfield>
  </datafield>
  <datafield tag="650" ind1=" " ind2="7">
    <subfield code="a">Dones</subfield>
    <subfield code="z">Orient Mitj&#xE0;</subfield>
    <subfield code="x">Condicions socials</subfield>
    <subfield code="2">lemac</subfield>
  </datafield>
  <datafield tag="700" ind1="1" ind2=" ">
    <subfield code="a">Ruiz, Gemma,</subfield>
    <subfield code="d">1975-</subfield>
  </datafield>
  <datafield tag="942" ind1=" " ind2=" ">
    <subfield code="c">MON</subfield>
  </datafield>
  <datafield tag="952" ind1=" " ind2=" ">
    <subfield code="0">0</subfield>
    <subfield code="1">0</subfield>
    <subfield code="4">0</subfield>
    <subfield code="7">0</subfield>
    <subfield code="a">CDMR</subfield>
    <subfield code="b">CDMR</subfield>
    <subfield code="d">2020-03-10</subfield>
    <subfield code="e">Intercanvi</subfield>
    <subfield code="g">17.50</subfield>
    <subfield code="l">11</subfield>
    <subfield code="m">4</subfield>
    <subfield code="o">Dj /99</subfield>
    <subfield code="p">CDMR20030006</subfield>
    <subfield code="r">2025-09-19</subfield>
    <subfield code="s">2023-03-22</subfield>
    <subfield code="v">17.50</subfield>
    <subfield code="w">2020-03-10</subfield>
    <subfield code="y">MON</subfield>
  </datafield>
</record>
